LEADER 00971cam1 22002171 450 001 SOBE00030948 005 20130307160212.0 100 $a20130307g00009999|||||ita|0103 ba 101 $aita 102 $aIT 200 1 $aCatalogo ragionato dei libri, registri e scritture esistenti nella sezione antica o prima serie dell'Archivio Municipale di Napoli (1387-1806)$fcompilato da Bartolommeo Capasso 210 $aNapoli$cLaveglia & Carlone 215 $av.$d23 cm 463 1$1001SOBE00030950$12000 $a<>Cittą in generale ed in relazione colla suprema autoritą dello stato e col resto del Regno 700 1$aCapasso$b, Bartolomeo$3A600200027052$4070$036189 801 0$aIT$bUNISOB$c20130307$gRICA 912 $aSOBE00030948 940 $aM 102 Monografia moderna SBN 941 $aM 996 $aCatalogo ragionato dei libri, registri e scritture esistenti nella sezione antica o prima serie dell'Archivio Municipale di Napoli (1387-1806)$91714997 997 $aUNISOB